000 00805nam a2200205 a 4500
001 51269
003 BD-RjUL
005 20211209075632.0
008 160830s1912 ii 000 0 eng
035 _a(BD-RjUL)51389
040 _aDLC
_cCLE
_beng
_dBD-RjUL
041 0 _aeng
082 _223
_a495.482421
_bHAG 1912
100 1 _aHannah, Herbert Bruce
_9153361
245 1 2 _aA grammar of the Tibetan language literary and colloquial :
_bwith copious illustrations, and treating fully of spelling, pronunication, and the construction of the verb, and including appendices of the various forms of the verb /
_cHerbert Bruce Hannah
260 _aCalcutta :
_bPrinted at the Baptist mission press,
_c1912.
300 _axx, 396 p. ;
_c25 cm.
650 0 _aTibetan language
_xGrammar.
_9153362
942 _2ddc
_cBK
999 _c51269
_d51269